Математическая модель для прогнозирования досрочного расторжения договоров страхования; Перспективы развития фундаментальных наук; Т. 3 : Математика

Detaylı Bibliyografya
Parent link:Перспективы развития фундаментальных наук=Prospects of Fundamental Sciences Development: сборник научных трудов XХII Международной конференции студентов, аспирантов и молодых ученых, г. Томск, 22-25 апреля 2025/ Национальный исследовательский Томский политехнический университет ; под ред. И. А. Курзиной [и др.].— .— Томск: Изд-во ТПУ
Т. 3 : Математика.— 2025.— С. 85-87
Yazar: Макаревич Д. В.
Diğer Yazarlar: Семенов М. Е. Михаил Евгеньевич (научный руководитель)
Özet:Заглавие с экрана
A neural network model is proposed for predicting early termination of insurance contracts at the initiative of the policyholder. Modeling is carried out on the Insurance Churn Prediction dataset and the results are presented
Текстовый файл
Dil:Rusça
Baskı/Yayın Bilgisi: 2025
Konular:
Online Erişim:http://earchive.tpu.ru/handle/11683/133113
Materyal Türü: MixedMaterials Elektronik Kitap Bölümü
KOHA link:https://koha.lib.tpu.ru/cgi-bin/koha/opac-detail.pl?biblionumber=682745

MARC

LEADER 00000naa2a2200000 4500
001 682745
005 20251120101725.0
090 |a 682745 
100 |a 20251031d2025 k||y0rusy50 ca 
101 0 |a rus 
102 |a RU 
135 |a drcn ---uucaa 
200 1 |a Математическая модель для прогнозирования досрочного расторжения договоров страхования  |d Mathematical model for predicting early termination of insurance contracts  |f Д. В. Макаревич  |g науч. рук. М. Е. Семенов  |z eng 
300 |a Заглавие с экрана 
330 |a A neural network model is proposed for predicting early termination of insurance contracts at the initiative of the policyholder. Modeling is carried out on the Insurance Churn Prediction dataset and the results are presented 
336 |a Текстовый файл 
461 1 |0 682243  |t Перспективы развития фундаментальных наук  |l Prospects of Fundamental Sciences Development  |o сборник научных трудов XХII Международной конференции студентов, аспирантов и молодых ученых, г. Томск, 22-25 апреля 2025  |9 682243  |c Томск  |n Изд-во ТПУ  |f Национальный исследовательский Томский политехнический университет ; под ред. И. А. Курзиной [и др.] 
463 1 |0 682257  |9 682257  |t Т. 3 : Математика  |d 2025  |u conference_tpu-2025-C21_V3.pdf  |v С. 85-87  |l Vol. 3 : Mathematics 
610 1 |a труды учёных ТПУ 
610 1 |a электронный ресурс 
610 1 |a early termination 
610 1 |a insurance contracts 
610 1 |a modeling 
610 1 |a Insurance churn 
700 1 |a Макаревич  |b Д. В. 
702 1 |a Семенов  |b М. Е.  |c математик  |c доцент Томского политехнического университета, кандидат физико-математических наук  |f 1978-  |g Михаил Евгеньевич  |4 727 
801 0 |a RU  |b 63413507  |c 20251031  |g RCR 
856 4 |z http://earchive.tpu.ru/handle/11683/133113  |u http://earchive.tpu.ru/handle/11683/133113 
942 |c CF